| 000 | 00497nam a2200181Ia 4500 | ||
|---|---|---|---|
| 001 | 8994 | ||
| 005 | 20260306160650.0 | ||
| 008 | 260306t1985||||xx |||||||||||||| ||spa|| | ||
| 041 | _aESP | ||
| 082 |
_a372.21 _bM61P |
||
| 110 | _aMinisterio de Educación | ||
| 245 | 0 |
_aPrograma de educación : _bpara los niños del primero al quinto años de vida en el círculo infantil |
|
| 260 | _c1985 | ||
| 300 |
_a259 páginas : _c23 cm. |
||
| 650 | _aGEN | ||
| 654 | _aCED | ||
| 942 |
_cLIB _dJUS _fJUS _2ddc _n |
||
| 999 |
_c8994 _d8994 |
||